Statistics for Answers Contain "Town" Quiz

Click here to take the quiz!

General Stats

  • This quiz has been taken 520 times
  • The average score is 9 of 20

Answer Stats

ClueAnswer% Correct
Africa's southernmost cityCape Town
96%
Michiganian music labelMotown
72%
Central business districtDowntown
64%
Sierra Leone's capitalFreetown
63%
First permanent English colony
in the New World
Jamestown
60%
Ronson hit sung by Bruno MarsUptown Funk
58%
Nickname of HollywoodTinseltown
52%
Capital of BarbadosBridgetown
51%
Town that undergoes sudden growthBoomtown
48%
Malaysia's second urban areaGeorge Town
47%
Boston's most famous nicknameBeantown
45%
What a Favela is in BrazilShanty Town
45%
Saint Vincent's main cityKingstown
39%
Jack Nicholson classic movieChinatown
38%
Pripyat or Bodie, for exampleGhost Town
26%
City that Billy Joel wrote a song aboutAllentown
22%
Town where Cornwallis surrenderedYorktown
22%
Former areas in city outskirts in
South Africa for "non-whites"
Township
18%
Also called a bellmanTown Crier
16%
Major city in QueenslandTownsville
15%

Score Distribution

Percentile by Number Answered

Percent of People with Each Score

Your Score History

You have not taken this quiz